header

Sixteen Runaway Pumpkins (Record no. 263746)

MARC details
000 -LEADER
fixed length control field 00219nam a22000977a 4500
020 ## - INTERNATIONAL STANDARD BOOK NUMBER
ISBN 0439799392
100 ## - MAIN ENTRY--AUTHOR NAME
Personal name Dianne Ochiltree
245 ## - TITLE STATEMENT
Title Sixteen Runaway Pumpkins
260 ## - PUBLICATION, DISTRIBUTION, ETC. (IMPRINT)
Place of publication New York
Name of publisher Sholastic
Year of publication 2005
942 ## - ADDED ENTRY ELEMENTS (KOHA)
Koha item type Long Loan Books

No items available.

© 2026 Rongo University
Contact us: librarian | system librarian | Rongo university